上海市过江通道 - Statistics

General Stats
  • This quiz has been taken 18 times
  • The average score is 26 of 47
Answer Stats
浦西 过江通道 浦东/浦南 % Correct
杨浦区 杨浦大桥 浦东新区
100%
黄浦区 南浦大桥 浦东新区
93%
徐汇区 徐浦大桥 浦东新区
87%
黄浦区 卢浦大桥 浦东新区
80%
宝山区 外环隧道 浦东新区
73%
杨浦区 翔殷路隧道 浦东新区
73%
杨浦区 周家嘴路隧道 浦东新区
73%
虹口区 新建路隧道 浦东新区
73%
黄浦区 延安东路隧道 浦东新区
73%
宝山区 长江路隧道 浦东新区
67%
杨浦区 军工路隧道 浦东新区
67%
杨浦区 大连路隧道 浦东新区
67%
黄浦区 人民路隧道 浦东新区
67%
黄浦区 复兴东路隧道 浦东新区
67%
徐汇区 上中路隧道 浦东新区
67%
闵行区 闵浦大桥 闵行区
67%
闵行区 奉浦大桥 奉贤区
67%
闵行区 闵浦二桥 奉贤区
67%
松江区 松浦大桥 松江区
67%
黄浦区 西藏南路隧道 浦东新区
60%
闵行区 闵浦三桥 奉贤区
60%
松江区 松浦二桥 松江区
60%
松江区 松浦三桥 松江区
60%
宝山区 郊环隧道 浦东新区
53%
杨浦区 江浦路隧道 浦东新区
53%
黄浦区 打浦路隧道 浦东新区
53%
徐汇区 龙耀路隧道 浦东新区
53%
闵行区 虹梅南路隧道 奉贤区
53%
徐汇区 银都路隧道 闵行区
47%
宝山区 轨交10号线 浦东新区
40%
徐汇区 轨交11号线 浦东新区
40%
杨浦区 轨交12号线 浦东新区
40%
黄浦区 轨交13号线 浦东新区
40%
黄浦区 轨交14号线 浦东新区
40%
杨浦区 轨交18号线 浦东新区
40%
黄浦区 轨交2号线 浦东新区
40%
杨浦区 轨交4号线 浦东新区
40%
黄浦区 轨交4号线 浦东新区
40%
徐汇区 轨交7号线 浦东新区
40%
黄浦区 轨交8号线 浦东新区
40%
黄浦区 轨交9号线 浦东新区
40%
黄浦区 外滩观光隧道 浦东新区
33%
徐汇区 轨交市域机场线 浦东新区
33%
松江区 辰塔路横潦泾大桥 松江区
33%
松江区 横潦泾大桥 松江区
33%
松江区 金山铁路黄浦江特大桥 松江区
27%
松江区 沪杭高铁横潦泾特大桥 松江区
13%
No matching quizzes found
Score Distribution
Percent of People with Each Score
Percentile by Number Answered
Your Score History
You have not taken this quiz